000 00519nam a22001937a 4500
005 20220104112945.0
008 211221b ||||| |||| 00| 0 eng d
020 _a9789391527242
040 _aIN-DiNC
_cIN-DiNC
041 _dasm
082 _a301
_bSAI
100 _aSaikia, Jyotiprasad
_eauthor
245 _aSnatak mahalar samajtattik chintabid/
_cby Jyotiprasad Saikia
250 _a1st ed.
260 _aJorhat:
_bBidyabhaban,
_c2021.
300 _a201p.
650 _aSociological thinkers
942 _2ddc
_cBK
999 _c11255
_d11255